00790nam a2200253Ia 450000100060000000300100000600500170001600700030003300800410003602000180007704000350009504100080013008400110013810000230014924500820017225000180025426400540027230000550032633600270038133700330040833800280044165000410046970000260051057416CO-BoRNBP20250701162649.0ta180109s9999 xx 000 0 und d a9788415208396 aCO-BoRNBPbspaerdacCO-BoRNBP aspa aA LIA11 aLiao, Jimmyd1958-10aDame un abrazo /cJimmy Liao ; traducción del chino Jordi Ainaud i Escudero a1a. edición 1aAlbolete,cEspaña :bBarbara Fiore Editora;2013 a[196] páginas :bilustraciones en color ;c21 cm atextobtxt2rdacontent asin mediaciónbn2rdamedia avolumenbnc2rdacarrier07aLibros ilustrados para niños2LEMB aValenzuela, Elizabeth